000 00451nam a2200145Ia 4500
008 151213s9999 xx 000 0 und d
100 _aআজহার হোসেন।
245 _aবন্ধনহীন গ্রন্তি।
_cআজহার হোসেন।
260 _aঢাকা
_b-
_c1997
300 _a8437 p.
650 _aBangla
650 _aBengali Literature
700 _aআজহার হোসেন।
999 _c4275
_d4275